[Event "49th Bosna Tournament 2019"]
[Site "Sarajevo/"]
[Date "2019.04.28"]
[Round "2.1"]
[White "Arapovic, Vitomir"]
[Black "Predojevic, Borki"]
[Result "0-1"]
[WhiteElo "2331"]
[BlackElo "2621"]
[Annotator "RC"]
[PlyCount "128"]
[EventDate "2019.03.31"]
[EventType "swiss"]
[EventCountry "BIH"]
[SourceTitle "playchess.com"]
[Source "ChessBase"]
[SourceQuality "1"]
[TimeControl "40/5400+30:1800+30"]

1. e4 {[%emt 0:00:00]} e6 {[%emt 0:00:00]} 2. d4 {[%emt 0:00:00]} d5 {[%emt 0:00:00]} 3. Nc3 {[%emt 0:00:33]} Nf6 {[%emt 0:00:00]} 4. Bg5 {[%emt 0:00:16]} dxe4 {[%emt 0:00:00]} 5. Nxe4 {[%emt 0:00:25]} Be7 {[%emt 0:00:00]} 6. Nxf6+ {[%emt 0:01:20]} Bxf6 {[%emt 0:00:34]} 7. Bxf6 {[%emt 0:00:12]} Qxf6 {[%emt 0:00:10]} 8. c3 {[%emt 0:06:50]} c5 {[%emt 0:17:23]} 9. Nf3 {[%emt 0:11:16]} Nd7 {[%emt 0:14:53]} 10. dxc5 {[%emt 0:01:20]} Nxc5 {[%emt 0:02:23]} 11. Qd6 Qe7 {[%emt 0:00:34]} 12. Bb5+ {[%emt 0:01:54]} Bd7 {[%emt 0:00:43]} 13. Bxd7+ {[%emt 0:00:14]} Nxd7 {[%emt 0:00:51]} 14. O-O-O {[%emt 0:07:31]} Nf6 {[%emt 0:01:48]} 15. Rhe1 {[%emt 0:05:11]} Qxd6 {[%emt 0:04:01]} 16. Rxd6 {[%emt 0:01:12]} Ke7 {[%emt 0:00:02]} 17. Rd2 {[%emt 0:01:39]} Rhc8 {[%emt 0:03:49]} 18. Ne5 {[%emt 0:02:23]} Rc7 {[%emt 0:06:05]} 19. f4 {[%emt 0:10:41]} g6 {[%emt 0:00:05]} 20. g4 {[%emt 0:00:48]} Rd8 {[%emt 0:11:30]} 21. Rxd8 {[%emt 0:03:29]} Kxd8 {[%emt 0:00:16]} 22. Kd2 {[%emt 0:11:14]} Ke7 {[%emt 0:14:56]} 23. c4 {[%emt 0:01:43]} h5 {[%emt 0:00:24]} 24. h3 {[%emt 0:02:37]} hxg4 {[%emt 0:01:50]} 25. hxg4 {[%emt 0:00:02]} Rc8 {[%emt 0:00:05]} 26. Rh1 {[%emt 0:01:46]} g5 {[%emt 0:02:58]} 27. fxg5 {[%emt 0:12:26]} Ne4+ {[%emt 0:00:27]} 28. Ke3 {[%emt 0:00:21]} Nxg5 {[%emt 0:00:03]} 29. b3 {[%emt 0:01:00]} a6 {[%emt 0:06:14]} 30. Rh5 {[%emt 0:07:55]} f6 {[%emt 0:02:27]} 31. Nf3 {[%emt 0:00:28]} Nxf3 {[%emt 0:00:48]} 32. Kxf3 {[%emt 0:00:01]} Kd6 {[%emt 0:01:50]} 33. Kf4 {[%emt 0:02:08]} Rc7 {[%emt 0:00:51]} 34. Rh6 {[%emt 0:01:12]} Rf7 {[%emt 0:00:17]} 35. b4 {[%emt 0:02:06]} b6 {[%emt 0:04:05]} 36. Ke4 {[%emt 0:01:57]} Rg7 {[%emt 0:00:33]} 37. Rxf6 {[%emt 0:02:12]} Rxg4+ {[%emt 0:00:10]} 38. Rf4 {[%emt 0:00:26]} Rg2 {[%emt 0:01:09]} 39. a3 {[%emt 0:00:08]} Re2+ {[%emt 0:00:35]} 40. Kd3 {[%emt 0:00:00]} Ra2 {[%emt 0:00:00]} 41. Rd4+ {[%emt 0:00:22]} Kc6 {[%emt 0:02:40]} 42. Rh4 {[%emt 0:04:37]} Rxa3+ {[%emt 0:01:15]} 43. Kc2 {[%emt 0:01:35]} a5 {[%emt 0:14:31]} 44. bxa5 {[%emt 0:02:47]} Rxa5 {[%emt 0:00:19]} 45. Kc3 {[%emt 0:02:20]} Rf5 {[%emt 0:02:45]} 46. Rh8 {[%emt 0:00:19]} Rf3+ {[%emt 0:01:12]} 47. Kd4 {[%emt 0:03:16]} Rf1 {[%emt 0:08:33]} 48. Rc8+ {[%emt 0:01:25]} Kd6 {[%emt 0:00:13]} 49. Rd8+ {[%emt 0:00:17]} Kc6 {[%emt 0:00:05]} 50. Rc8+ {[%emt 0:00:19]} Kd7 {[%emt 0:00:21]} 51. Rb8 {[%emt 0:01:04]} Kc7 {[%emt 0:00:22]} 52. Re8 {[%emt 0:00:13]} Rd1+ {[%emt 0:02:56]} 53. Ke5 {[%emt 0:02:41]} Rd2 {[%emt 0:02:13]} 54. Rh8 {[%emt 0:02:56]} Rd7 {[%emt 0:01:24]} 55. Re8 {[%emt 0:02:30]} Kc6 {[%emt 0:01:24]} 56. Kxe6 {[%emt 0:05:00]} Rc7 {[%emt 0:00:09]} 57. Rb8 {[%emt 0:00:43]} Kc5 {[%emt 0:00:06]} 58. Ke5 {[%emt 0:01:57]} Rc6 {[%emt 0:00:47]} 59. Ke4 {[%emt 0:01:03]} Kxc4 {[%emt 0:00:18]} 60. Ke3 {[%emt 0:00:13]} Kc3 {[%emt 0:02:21]} 61. Ke2 {[%emt 0:00:11]} Rd6 {[%emt 0:00:30]} 62. Ke1 {[%emt 0:00:54]} Kb4 {[%emt 0:00:33]} 63. Rc8 {[%emt 0:00:21]} b5 {[%emt 0:00:11]} 64. Rc1 {[%emt 0:00:02]} Rd5 {[%emt 0:00:18]} 0-1

[Event "49th Bosna Tournament 2019"]
[Site "Sarajevo/"]
[Date "2019.04.28"]
[Round "2.2"]
[White "Kozul, Zdenko"]
[Black "Obad, Andrija"]
[Result "1-0"]
[WhiteElo "2589"]
[BlackElo "2319"]
[Annotator "TA RC"]
[PlyCount "97"]
[EventDate "2019.03.31"]
[EventType "swiss"]
[EventCountry "BIH"]
[SourceTitle "playchess.com"]
[Source "ChessBase"]
[SourceQuality "1"]

{[%evp 22,97,16,9,14,13,14,14,16,17,16,14,18,16,14,6,14,0,19,0,0,0,0,0,0,0,0,0,0,0,0,0,0,0,0,0,0,0,19,14,0,0,119,99,123,64,102,0,72,72,122,119,118,109,104,81,78,73,103,90,261,245,283,273,328,285,413,401,397,331,515,492,781,716,29981,29983,29981,29982]} 1. d4 Nf6 2. c4 e6 3. g3 d5 4. Bg2 Be7 5. Nf3 O-O 6. O-O dxc4 7. Qc2 a6 8. a4 Bd7 9. Qxc4 Bc6 10. Bf4 Bd6 11. Bg5 Nbd7 12. Nc3 h6 {E05: Open Catalan: 5 Nf3 Be7} 13. Bxf6 (13. Bc1 a5 14. b3 Qe7 15. Bb2 Rfd8 16. Rac1 Ba3 17. Bxa3 Qxa3 18. Nb5 Qe7 19. Qc2 Bxf3 20. Bxf3 {½-½ (31) Ding,L (2769)-Mamedyarov,S (2809) Berlin 2018}) 13... Nxf6 14. Rfd1 a5 {The position is equal.} 15. Ne5 Bxg2 16. Kxg2 c6 17. Qb3 $146 ({Predecessor:} 17. Nd3 Qe7 18. e4 Bb4 19. f3 Nd7 20. Nxb4 Qxb4 21. Qxb4 axb4 {0-1 (58) Wagner,D (2456)-Berger,S (2400) Germany 2013}) 17... Rb8 18. Nd3 Qe7 19. e4 {Strongly threatening e5.} e5 20. dxe5 Bxe5 21. Nxe5 Qxe5 22. f3 Rfd8 23. Rxd8+ Rxd8 24. Rd1 Rxd1 25. Qxd1 Qc5 26. Qd8+ Kh7 27. Qd3 {aiming for e5+.} Kg8 28. b3 Qa3 29. Nd1 Qc5 30. Ne3 g6 31. Nc4 Kg7 (31... Qb4 $1 $11) 32. Qd2 b6 {[#]} 33. Qb2 ({White should play} 33. Qc3 $1 $16) 33... h5 34. Ne5 (34. Qe5 $16) 34... Qd6 {[#]} (34... b5 $1 $11) 35. Qc3 $1 $36 {[%mdl 2048] White is in control.} c5 36. Nc4 Qd8 37. Kf2 Kg8 38. Qe5 h4 39. g4 ({Of course not} 39. gxh4 Nh5 $11) 39... Ne8 40. Qd5 Qc7 $2 (40... Qf6 $16) 41. e5 $18 Kf8 42. f4 Ke7 43. Ke3 h3 (43... Qc8 {is a better defense.} 44. Nxb6 Qxg4) 44. Kf3 Ng7 45. Kg3 Ne6 (45... Kf8 $142 46. Kxh3 Ne6) 46. f5 gxf5 (46... Nd8 $142 47. Qd2 gxf5 48. Qg5+ (48. Kxh3 fxg4+ 49. Kg3 Qc6 $16) 48... Kd7 49. Qxf5+ Ke7 50. Qf6+ Ke8 51. Nd6+ Kd7 52. Nxf7 Ne6 53. Kxh3 Qb8) 47. gxf5 Nd4 48. f6+ Ke8 49. Nd6+ {Accuracy: White = 70%, Black = 48%.} 1-0

[Event "49th Bosna Tournament 2019"]
[Site "Sarajevo/"]
[Date "2019.04.28"]
[Round "2.3"]
[White "Trkulja, Goran"]
[Black "Djukic, Nikola"]
[Result "0-1"]
[WhiteElo "2309"]
[BlackElo "2566"]
[Annotator "TA"]
[PlyCount "92"]
[EventDate "2019.03.31"]
[EventType "swiss"]
[EventCountry "BIH"]
[SourceTitle "playchess.com"]
[Source "ChessBase"]
[SourceQuality "1"]

{[%evp 9,92,24,28,25,27,19,21,-8,14,-11,38,-4,-2,-12,-6,-17,-12,-12,-22,-18,-4,-17,-12,-22,0,0,0,0,0,0,4,-16,-10,-8,0,-62,-49,-62,-77,-62,-72,-64,-78,-89,-89,-89,-79,-95,-75,-87,-16,-81,-88,-157,-137,-139,-139,-129,-128,-159,-150,-158,-152,-428,-245,-253,-252,-433,-437,-501,-493,-473,-473,-568,-558,-564,-538,-555,-526,-29984,-937,-1960,-1875,-29976,-29977]} 1. e4 c5 2. Nf3 d6 3. Bb5+ Nd7 4. O-O a6 5. Bd3 Ngf6 6. c3 {B51: Sicilian: Moscow Variation (3 Bb5+) without 3...Bd7} (6. Re1 e6 7. c3 b5 8. Bc2 c4 9. a4 Bb7 10. d4 cxd3 11. Qxd3 Nc5 12. Qe2 bxa4 {½-½ (63) Amin,B (2709)-Cheparinov,I (2711) Germany 2019}) 6... b5 7. Bc2 Bb7 8. d3 {The position is equal.} Qc7 9. Re1 Rc8 10. Nbd2 g6 11. Nf1 Bg7 12. Bd2 O-O 13. Qc1 {[#]} e5 $146 ({Predecessor:} 13... Rfe8) 14. Bh6 Nh5 15. Bxg7 Kxg7 16. Ne3 Kh8 17. a4 f5 18. Ng5 {Threatens to win with axb5.} Ng7 19. axb5 axb5 20. Bb3 c4 21. dxc4 bxc4 22. Bxc4 (22. Bc2 $11) 22... f4 $15 23. Nf7+ Rxf7 $1 24. Bxf7 {Strongly threatening Nd5.} fxe3 25. Qxe3 Nf6 26. Bd5 Nxd5 27. exd5 Bxd5 28. Ra7 Bb7 29. Rea1 Qc6 {[#]} (29... Nf5 $17 30. Qe2 Qc6) 30. f3 (30. Qf3 $1 $11 {[%mdl 512]} Qxf3 31. gxf3) 30... Nf5 $36 {[%mdl 2048] Black has strong initiative.} 31. Qd3 (31. Qe2 $142) 31... Re8 32. R7a4 Qb6+ 33. Kh1 Qxb2 34. Rb1 Qf2 {...Ne3 is the strong threat.} 35. Qb5 Re7 {Hoping for ...Bxf3!} 36. Qa5 $2 (36. Qb6 $17 Qxb6 37. Rxb6) 36... Kg7 (36... e4 $142 37. fxe4 Bc6) 37. Ra2 Qe3 38. Rab2 $2 {[#]} (38. Qb6 Qd3 39. Ra7) 38... Bxf3 $1 $19 39. gxf3 Qxf3+ 40. Kg1 Ne3 41. Qb5 Qg4+ 42. Kh1 Nd1 43. Rg2 Qf3 44. Kg1 Nxc3 (44... Qe3+ $142 45. Kh1 Qf3 46. Qb6 Rf7 47. Qg1 Ne3 {[%mdl 64] Pin} 48. c4 Qf4 49. Re1 Nxg2 50. Qxg2 Qxc4 51. Qg1 Qd5+ 52. Qg2 Rf3 53. Ra1 Qe4 54. Rg1 d5 55. Qg4 Qxg4 56. Rxg4 d4 57. Kg1 d3 58. Rg2 e4 59. Rd2 Kf6 60. Kh1 Ke5 61. h4 Kd4 62. Rg2 e3 63. Rg4+ Kc3 64. Kg2 {[#]} d2 $1 {[%mdl 512]} 65. Kxf3 d1=Q+ 66. Kg3 Qg1+ 67. Kf4 Qf2+ 68. Ke5 Qf5+ {[%mdl 64] Double Attack} 69. Kd6 Qxg4 70. Ke5 e2 71. Kf6 e1=Q 72. h5 gxh5 73. Kf7 Qg6+ 74. Kf8 Qee8#) 45. Qb3 Rf7 46. Re1 {[#]} Ne2+ $1 {[%mdl 576] Discovered Attack. Accuracy: White = 36%, Black = 66%.} 0-1

[Event "49th Bosna Tournament 2019"]
[Site "Sarajevo/"]
[Date "2019.04.28"]
[Round "2.4"]
[White "Brkic, Ante"]
[Black "Hodzic, Nihad"]
[Result "1-0"]
[WhiteElo "2560"]
[BlackElo "2296"]
[Annotator "TA"]
[PlyCount "57"]
[EventDate "2019.03.31"]
[EventType "swiss"]
[EventCountry "BIH"]
[SourceTitle "playchess.com"]
[Source "ChessBase"]
[SourceQuality "1"]

{[%evp 17,57,33,100,93,107,104,123,131,119,97,138,135,164,164,174,172,314,335,338,266,352,360,363,340,513,479,659,657,639,637,670,657,1664,1647,29991,29990,29990,29991,29993,29994,29995,195]} 1. e4 c5 2. Nf3 e6 3. d4 cxd4 4. Nxd4 Nf6 5. Nc3 d6 6. Be3 a6 7. Be2 Be7 8. f4 Qc7 9. g4 Nc6 (9... d5 $14) 10. g5 $16 {B84: Sicilian Scheveningen: 6 Be2 a6, lines without early Be3} Nd7 11. Rf1 O-O $146 ({Predecessor:} 11... b5 12. Nxc6 Qxc6 13. Qd4 O-O 14. O-O-O Rb8 15. f5 b4 16. Nd5 exd5 17. f6 Bd8 18. exd5 Qb7 19. Qh4 Ne5 20. fxg7 Re8 21. Bh5 Qd7 22. Bd4 Qh3 {0-1 (22) Kanmazalp,O (2457)-Grachev,B (2670) Moscow 2015}) 12. f5 {White is better.} Nxd4 13. Qxd4 {Black must now prevent f6.} Re8 14. O-O-O ({Don't take} 14. fxe6 fxe6 15. O-O-O Ne5 $14) 14... Bf8 15. h4 b5 16. fxe6 fxe6 (16... Rxe6 {was necessary.} 17. Nd5 Qb7) 17. Nd5 $18 Qb7 18. Nf6+ ({Less strong is} 18. Bh5 g6 $14) 18... Nxf6 19. gxf6 {[#] aiming for f7+.} e5 20. Qd2 {Threatens to win with f7+.} gxf6 (20... Kh8 $142 21. fxg7+ Bxg7) 21. Rxf6 Be6 {[#]} 22. Rxf8+ $1 {[%mdl 576] Decoy} Rxf8 23. Qxd6 {White wants to mate with Rg1+.} Bf7 24. h5 Qxe4 25. Qh6 Bc4 26. Rg1+ {White mates.} Kf7 27. Rf1+ Kg8 28. Bxc4+ Qxc4 29. Qg5+ {[%mdl 64] Double Attack. Accuracy: White = 100%, Black = 44%.} 1-0

[Event "49th Bosna Tournament 2019"]
[Site "Sarajevo/"]
[Date "2019.04.28"]
[Round "2.5"]
[White "Galic, Zeljko"]
[Black "Kadric, Denis"]
[Result "0-1"]
[WhiteElo "2293"]
[BlackElo "2542"]
[Annotator "TA"]
[PlyCount "60"]
[EventDate "2019.03.31"]
[EventType "swiss"]
[EventCountry "BIH"]
[SourceTitle "playchess.com"]
[Source "ChessBase"]
[SourceQuality "1"]

{[%evp 14,60,21,8,45,33,44,43,60,66,72,52,60,0,0,-13,33,31,29,-2,0,0,0,-91,-98,-101,-89,-101,-89,-104,-94,-113,-112,-115,-95,-135,-129,-141,-137,-120,-116,-2401,-2210,-5058,-106,-2444,-2417,-1714,-1636]} 1. c4 e5 2. Nf3 d6 3. Nc3 f5 4. d3 Be7 5. g3 Nf6 6. Bg2 O-O 7. O-O Qe8 8. b4 {[%cal Bb2b4,Bb4b5][%mdl 32]} a5 {A21: English Opening: 1...e5 2 Nc3} 9. b5 $1 Nbd7 10. a4 (10. Ba3 Qh5 11. e3 g5 12. Nd2 Qg6 13. f4 Re8 14. Qf3 Bf8 15. Rae1 Nc5 16. fxg5 Qxg5 17. Bxc5 dxc5 18. Nde4 Nxe4 19. dxe4 Be6 20. exf5 Bxc4 21. Ne4 Qh6 22. Qg4+ Qg7 23. Ng5 {1-0 (23) Zherebukh,Y (2605)-Kadric,D (2544) New York 2017}) 10... Nc5 $146 {White is slightly better.} ({Predecessor:} 10... Bd8 11. Qc2 Qh5 12. e3 Re8 13. Nd2 f4 14. exf4 exf4 15. gxf4 Nc5 16. d4 {½-½ (48) Bendig,F (2057)-Vaassen,J (1950) IECG email 2001}) 11. Ba3 Nfd7 12. Nd2 Kh8 13. Bxc5 ({White should try} 13. Rc1 $14) 13... Nxc5 $11 14. Nb3 Ne6 15. d4 f4 16. Ne4 Qh5 17. Bf3 Qg6 18. Rc1 (18. dxe5 $11 {remains equal.} dxe5 19. Qd5) 18... Ng5 $17 19. Nxg5 Bxg5 20. Rc3 e4 21. Bg2 Bf5 22. d5 Rae8 23. Nd4 Bc8 24. c5 dxc5 25. Rxc5 fxg3 26. hxg3 e3 $1 {[%cal Re3f2] ...exf2+ is the strong threat.} 27. Ne6 $2 {[%mdl 8192]} (27. Rc3 $17) 27... exf2+ $19 28. Kh2 Qh5+ (28... Rxe6 $142 29. Bf3 {[#]} Bf4 $1 {[%mdl 512]} 30. gxf4 Rxf4 $1 {[%mdl 512]} 31. Rc4 Rxc4 32. e4 Rexe4 33. Bxe4 Rxe4 34. Qh5 Qxh5+ 35. Kg3 Qg4+ 36. Kxf2 Re2#) 29. Bh3 Rxe6 $1 30. dxe6 Bxe6 {Accuracy: White = 42%, Black = 66%.} 0-1

[Event "49th Bosna Tournament 2019"]
[Site "Sarajevo/"]
[Date "2019.04.28"]
[Round "2.6"]
[White "Sadikhov, Ulvi"]
[Black "Hadzovic, Amir"]
[Result "1-0"]
[WhiteElo "2479"]
[BlackElo "2258"]
[Annotator "RC"]
[PlyCount "91"]
[EventDate "2019.03.31"]
[EventType "swiss"]
[EventCountry "BIH"]
[SourceTitle "playchess.com"]
[Source "ChessBase"]
[SourceQuality "1"]
[TimeControl "40/5400+30:1800+30"]

1. e4 {[%emt 0:00:00]} d6 {[%emt 0:00:00]} 2. d4 {[%emt 0:00:00]} g6 {[%emt 0:00:00]} 3. Nf3 {[%emt 0:03:03]} Bg7 {[%emt 0:00:02]} 4. Bc4 {[%emt 0:00:10]} Nf6 {[%emt 0:03:49]} 5. Qe2 {[%emt 0:00:07]} c6 {[%emt 0:11:20]} 6. e5 {[%emt 0:01:29]} Nd5 {[%emt 0:02:30]} 7. h3 {[%emt 0:06:59]} h6 {[%emt 0:03:04]} 8. Nc3 {[%emt 0:07:37]} Be6 {[%emt 0:07:19]} 9. Bxd5 {[%emt 0:13:00]} cxd5 {[%emt 0:02:38]} 10. Bf4 {[%emt 0:04:55]} dxe5 {[%emt 0:03:09]} 11. Nxe5 {[%emt 0:02:27]} Nc6 {[%emt 0:01:58]} 12. Nxc6 {[%emt 0:02:36]} bxc6 {[%emt 0:02:21]} 13. Qe3 {[%emt 0:02:48]} c5 {[%emt 0:05:49]} 14. Be5 {[%emt 0:01:35]} O-O {[%emt 0:08:01]} 15. Bxg7 {[%emt 0:00:45]} Kxg7 {[%emt 0:00:05]} 16. O-O-O {[%emt 0:07:50]} c4 {[%emt 0:04:06]} 17. g4 {[%emt 0:03:09]} Rb8 {[%emt 0:04:34]} 18. f4 {[%emt 0:01:04]} Qb6 {[%emt 0:03:45]} 19. Kd2 {[%emt 0:02:13]} f6 {[%emt 0:03:09]} 20. Rde1 {[%emt 0:08:15]} Bf7 {[%emt 0:01:36]} 21. g5 {[%emt 0:00:12]} Rfe8 {[%emt 0:03:27]} 22. h4 {[%emt 0:00:51]} Kh7 {[%emt 0:01:16]} 23. f5 {[%emt 0:13:18]} e5 {[%emt 0:01:45]} 24. h5 {[%emt 0:07:51]} exd4 {[%emt 0:20:29]} 25. hxg6+ {[%emt 0:00:04]} Kg7 {[%emt 0:00:21]} 26. gxf6+ {[%emt 0:02:59]} Kxf6 {[%emt 0:01:00]} 27. Qf4 {[%emt 0:01:31]} dxc3+ {[%emt 0:00:20]} 28. bxc3 {[%emt 0:00:08]} Re4 {[%emt 0:03:01]} 29. Rxe4 {[%emt 0:00:15]} dxe4 {[%emt 0:00:06]} 30. Qh4+ {[%emt 0:01:53]} Ke5 {[%emt 0:00:44]} 31. Qg3+ {[%emt 0:02:04]} Kf6 {[%emt 0:00:44]} 32. gxf7 {[%emt 0:00:55]} Kxf7 {[%emt 0:00:39]} 33. Rg1 {[%emt 0:00:18]} Rd8+ {[%emt 0:00:42]} 34. Ke2 {[%emt 0:00:58]} Qd6 {[%emt 0:02:40]} 35. Qg7+ {[%emt 0:00:41]} Ke8 {[%emt 0:00:04]} 36. Qg8+ {[%emt 0:00:46]} Kd7 {[%emt 0:00:08]} 37. Rg7+ {[%emt 0:01:46]} Kc8 {[%emt 0:00:50]} 38. Qxc4+ {[%emt 0:00:04]} Kb8 {[%emt 0:00:06]} 39. Qb5+ {[%emt 0:00:09]} Qb6 {[%emt 0:00:06]} 40. Qe5+ {[%emt 0:00:00]} Kc8 {[%emt 0:00:00]} 41. Qxe4 {[%emt 0:02:41]} Qb5+ {[%emt 0:04:31]} 42. c4 {[%emt 0:03:40]} Re8 {[%emt 0:00:09]} 43. cxb5 {[%emt 0:00:19]} Rxe4+ {[%emt 0:00:06]} 44. Kd3 {[%emt 0:00:05]} Rf4 {[%emt 0:00:18]} 45. Rxa7 {[%emt 0:00:22]} Rxf5 {[%emt 0:00:10]} 46. a4 {[%emt 0:00:22]} 1-0

[Event "49th Bosna Tournament 2019"]
[Site "Sarajevo/"]
[Date "2019.04.28"]
[Round "2.7"]
[White "Kjartansson, Gudmundur"]
[Black "Mrndjic, Muamer"]
[Result "1-0"]
[WhiteElo "2444"]
[BlackElo "2239"]
[Annotator "TA"]
[PlyCount "29"]
[EventDate "2019.03.31"]
[EventType "swiss"]
[EventCountry "BIH"]
[SourceTitle "playchess.com"]
[Source "ChessBase"]
[SourceQuality "1"]

{[%evp 21,69,41,55,48,77,85,75,70,66,63,222,220,255,260,391,396,395,403,418,427,421,414,414,412,627,622,623,600,891,803,732,617,811,811,800,774,710,635,627,619,606,591,871,833,1018,1014,1668,1374,1945,1936]} 1. c4 c5 2. Nf3 Nf6 3. Nc3 e6 4. g3 b6 5. Bg2 Bb7 6. O-O Be7 7. d4 cxd4 8. Qxd4 d6 9. Rd1 a6 10. Bg5 Nbd7 11. Qd2 O-O 12. Bf4 {A30: Symmetrical English: Double Fianchetto and Hedgehog} e5 (12... Ne8 13. Rac1 h6 14. b3 Qc7 15. Ne1 Rd8 16. Nd3 Nef6 17. e4 Qb8 18. Qe2 Qa8 19. Re1 Rc8 20. Bd2 Rfd8 21. Rcd1 Bf8 22. Na4 Bc6 23. Nc3 Bb7 24. Na4 Bc6 {½-½ (24) Tomashevsky,E (2716)-Ivanchuk,V (2747) Doha 2016}) 13. Bg5 Qc7 14. Nh4 {White is better.} Bxg2 15. Kxg2 {Played: Nh4-f5} 1-0

[Event "49th Bosna Tournament 2019"]
[Site "Sarajevo/"]
[Date "2019.04.28"]
[Round "2.8"]
[White "Trumic, Enes"]
[Black "Soysal, Serkan"]
[Result "0-1"]
[WhiteElo "2241"]
[BlackElo "2424"]
[Annotator "TA"]
[PlyCount "50"]
[EventDate "2019.03.31"]
[EventType "swiss"]
[EventCountry "BIH"]
[SourceTitle "playchess.com"]
[Source "ChessBase"]
[SourceQuality "1"]

{[%evp 21,94,0,4,-43,-42,-42,-30,-110,-106,-135,-136,-136,-140,-138,-138,-130,-137,-131,-130,-133,-130,-138,-130,-145,-143,-167,-132,-129,-121,-139,-138,-133,-129,-131,-108,-162,-170,-309,-309,-309,-309,-309,-289,-293,-305,-275,-227,-314,-258,-306,-225,-376,-382,-445,-437,-423,-422,-563,-546,-514,-531,-628,-583,-588,-592,-747,-722,-700,-671,-788,-756,-880,-871,-932,-929]} 1. d4 d5 2. c4 c6 3. Nc3 Nf6 4. Nf3 dxc4 5. a4 Bf5 6. e3 e6 7. Bxc4 Bb4 8. O-O Nbd7 9. Qe2 O-O 10. e4 Bg4 11. e5 Nd5 12. Nxd5 {D19: Slav Defence: 5 a4 Bf5 6 e3: Main line with 9 Qe2} (12. Ne4 c5 13. h3 Bh5 14. Bg5 Qa5 15. g4 Bg6 16. Bb5 N5b6 17. Nd6 Rab8 18. Nd2 Nd5 19. Bxd7 cxd4 20. Bb5 h6 21. Nb3 Qb6 {0-1 (37) Van Wely,L (2679)-Fressinet,L (2654) Ajaccio 2007}) 12... exd5 13. Bd3 f6 {[#] Hoping for ...fxe5.} 14. e6 $146 (14. Qc2 $1 $11 {remains equal.}) ({Predecessor:} 14. Qc2 Kh8 15. exf6 Nxf6 16. Ne5 Bh5 17. Bg5 Qe8 18. Bf5 Ne4 19. Bxe4 dxe4 20. Qxe4 {1-0 (38) Castelao Rodriguez,S-Martin Fernandez,M Gijon 1999}) 14... Re8 $17 15. Bxh7+ Kxh7 16. Qd3+ Kg8 17. exd7 Qxd7 18. h3 Qf5 19. Qxf5 Bxf5 20. Be3 a5 21. Rfc1 Kf7 22. b3 g5 23. Bd2 Bd6 24. Rc3 Rh8 25. Ra2 Rag8 {Played: g5-g4} 0-1

[Event "49th Bosna Tournament 2019"]
[Site "Sarajevo/"]
[Date "2019.04.28"]
[Round "2.9"]
[White "Dizdarevic, Emir"]
[Black "Aleksic, Neven"]
[Result "1-0"]
[WhiteElo "2423"]
[BlackElo "2184"]
[Annotator "TA"]
[PlyCount "83"]
[EventDate "2019.03.31"]
[EventType "swiss"]
[EventCountry "BIH"]
[SourceTitle "playchess.com"]
[Source "ChessBase"]
[SourceQuality "1"]

{[%evp 18,83,15,19,15,14,14,21,9,12,31,38,38,37,53,44,42,16,25,17,21,22,22,18,12,16,36,13,21,21,21,20,15,8,35,10,26,0,7,9,9,0,18,13,35,14,25,25,79,76,73,85,91,82,84,78,85,85,76,77,141,8,167,164,327,293,298,291]} 1. Nf3 Nf6 2. c4 e6 3. b3 d5 4. Bb2 Be7 5. g3 O-O 6. Bg2 c5 7. cxd5 Nxd5 8. O-O Nc6 9. d4 cxd4 10. Nxd4 Bd7 {A14: English Opening: 1...e6 with b3 by White} 11. Na3 {[%cal Bb1a3,Ba3c4,Bc4e5][%mdl 32]} Nxd4 12. Qxd4 {[%csl Gb2][%cal Rd4g7][%mdl 64] Double Attack} Bf6 {The position is equal.} 13. Qd2 Bxb2 14. Qxb2 Bc6 15. Nc4 b5 16. Ne5 Bb7 {[#]} 17. Nd3 $146 ({Predecessor:} 17. a4 bxa4 18. Rfd1 {0-1 (77) Nakamura,H (2777)-Karjakin,S (2773) Saint Louis 2018}) 17... Qe7 18. Rfc1 Rfc8 19. Rxc8+ Rxc8 20. Rc1 Rxc1+ 21. Qxc1 Nf6 22. Ne5 h6 23. Bxb7 Qxb7 24. Qc6 Qb8 25. Qc5 Qb7 26. Qd6 a6 27. Nd3 Ne4 28. Qd8+ Kh7 29. Qd4 Nf6 (29... Qc6 {feels hotter.} 30. Qe3 Qd5 31. Nf4 Qd1+ 32. Kg2 Nd2) 30. f3 a5 31. Kf2 b4 32. Qc5 $36 {[%mdl 2048] Black is under pressure.} Qd5 (32... Qa6 $1 $11 {remains equal.}) 33. Qxd5 $16 Nxd5 {[%mdl 4096] Endgame KN-KN} 34. Ne5 Nc3 35. Nc6 ({Reject} 35. Nxf7 $6 Nxa2 36. Ke1 Nc1 $11) 35... Nxa2 {And now ...a4! would win.} 36. Nxa5 Kg6 {[#]} 37. Ke3 $1 e5 38. Kd3 f5 ({Better is} 38... Kf5) 39. e3 (39. Nc6 $16) 39... Kg5 $2 {[#]} (39... f4 $1 $11 {and Black stays safe.}) 40. Nc6 $1 $18 e4+ $2 (40... f4 {was worth a try.}) 41. fxe4 fxe4+ 42. Kxe4 {Accuracy: White = 60%, Black = 33%.} 1-0

[Event "49th Bosna Tournament 2019"]
[Site "Sarajevo/"]
[Date "2019.04.28"]
[Round "3.1"]
[White "Predojevic, Borki"]
[Black "Soysal, Serkan"]
[Result "*"]
[WhiteElo "2621"]
[BlackElo "2424"]
[Annotator "RC"]
[PlyCount "49"]
[EventDate "2019.03.31"]
[EventType "swiss"]
[EventCountry "BIH"]
[SourceTitle "playchess.com"]
[Source "ChessBase"]
[SourceQuality "1"]
[TimeControl "40/5400+30:1800+30"]

1. Nf3 {[%emt 0:00:00]} d5 {[%emt 0:00:00]} 2. g3 {[%emt 0:00:00]} g6 {[%emt 0:00:00]} 3. Bg2 {[%emt 0:00:16]} Bg7 {[%emt 0:00:03]} 4. d4 {[%emt 0:00:04]} Nf6 {[%emt 0:00:16]} 5. O-O {[%emt 0:01:36]} O-O {[%emt 0:00:21]} 6. c4 {[%emt 0:00:07]} c6 {[%emt 0:00:07]} 7. b3 {[%emt 0:00:12]} dxc4 {[%emt 0:04:30]} 8. bxc4 {[%emt 0:00:12]} c5 {[%emt 0:00:02]} 9. Bb2 {[%emt 0:00:07]} Qb6 {[%emt 0:01:13]} 10. Qc1 {[%emt 0:00:23]} cxd4 {[%emt 0:11:16]} 11. Nxd4 {[%emt 0:01:11]} Nc6 {[%emt 0:04:08]} 12. Nxc6 {[%emt 0:01:01]} bxc6 {[%emt 0:00:03]} 13. Nd2 {[%emt 0:00:07]} Be6 {[%emt 0:00:06]} 14. Nb3 Qa6 {[%emt 0:00:30]} 15. Nd4 Bd7 {[%emt 0:00:30]} 16. Qc2 Rab8 {[%emt 0:00:30]} 17. Rfc1 Rfd8 {[%emt 0:00:30]} 18. e3 Ne8 {[%emt 0:00:30]} 19. Nb3 Bf5 {[%emt 0:00:30]} 20. e4 Bxb2 {[%emt 0:00:30]} 21. Qxb2 Be6 {[%emt 0:00:30]} 22. Qc3 Nd6 {[%emt 0:00:30]} 23. e5 Nf5 {[%emt 0:00:30]} 24. Nc5 Qb6 {[%emt 0:00:30]} 25. Nxe6 *